| Tag |
First Indicator |
Second Indicator |
Subfields |
| LEADER |
00000cam a2200000Ia 4500 |
| 001 |
in00002467115 |
| 005 |
20151110132828.0 |
| 008 |
050912s2004 ilua 001 0 eng d |
| 020 |
|
|
|a 1932564462
|
| 020 |
|
|
|a 9781932564464
|
| 035 |
|
|
|a (OCoLC)ocm61484847
|
| 035 |
|
|
|a (OCoLC)61484847
|
| 040 |
|
|
|a Z82
|c Z82
|d BAKER
|d OCLCQ
|d BTCTA
|d TXA
|d UtOrBLW
|
| 049 |
|
|
|a TXAM
|
| 082 |
0 |
|
|a 793.93
|2 22
|
| 090 |
|
|
|a GV1469.62.S53
|b S52 2004
|
| 245 |
0 |
0 |
|a Shadowrun.
|
| 246 |
1 |
7 |
|a Shadowrun, third edition
|
| 250 |
|
|
|a 3rd ed.
|
| 264 |
|
1 |
|a [Chicago, Ill.] :
|b FanPro,
|c [2004]
|
| 300 |
|
|
|a 334 pages :
|b illustrations (some color) ;
|c 28 cm.
|
| 336 |
|
|
|a text
|b txt
|2 rdacontent
|
| 337 |
|
|
|a unmediated
|b n
|2 rdamedia
|
| 338 |
|
|
|a volume
|b nc
|2 rdacarrier
|
| 500 |
|
|
|a "Shadowrun, third edition (SR3) is a revision of the original Shadowrun rules first published in 1989"--P. 8.
|
| 500 |
|
|
|a Includes index.
|
| 650 |
|
0 |
|a Shadowrun (Game)
|
| 938 |
|
|
|a Baker & Taylor
|b BKTY
|c 30.00
|d 22.50
|i 1932564462
|n 0004439694
|s active
|
| 938 |
|
|
|a Baker and Taylor
|b BTCP
|n BK0004439694
|
| 994 |
|
|
|a C0
|b TXA
|
| 948 |
|
|
|a cataloged
|b h
|c 2009/6/17
|d c
|e mzajicek
|f 9:47:19 am
|
| 999 |
|
|
|a MARS
|
| 999 |
f |
f |
|s 2945dd1a-e23e-3b85-9e71-0d09b4233e38
|i 8443816f-7df9-3546-ba1a-cdb4d25f2bf9
|t 0
|
| 952 |
f |
f |
|p noncirc
|a Texas A&M University
|b College Station
|c Cushing Memorial Library & Archives
|d Cushing: Science Fiction (Does not check out)
|t 0
|e GV1469.62.S53 S52 2004
|h Library of Congress classification
|i unmediated -- volume
|
| 998 |
f |
f |
|a GV1469.62.S53 S52 2004
|t 0
|l Cushing: Science Fiction (Does not check out)
|